The new civil engineering contract (Record no. 29951)
[ view plain ]
| 000 -LEADER | |
|---|---|
| fixed length control field | 01076cab a2200205 4500 |
| 001 - CONTROL NUMBER | |
| control field | ABS44495 |
| 008 - FIXED-LENGTH DATA ELEMENTS--GENERAL INFORMATION | |
| fixed length control field | 090401t1991 xxu||||| |||| 00| 0 eng d |
| 035 ## - SYSTEM CONTROL NUMBER | |
| System control number | (Sirsi) u47492 |
| 041 ## - LANGUAGE CODE | |
| Language code of text/sound track or separate title | eng |
| 100 ## - MAIN ENTRY--PERSONAL NAME | |
| Personal name | Mugurian, G.H. |
| 245 #4 - TITLE STATEMENT | |
| Title | The new civil engineering contract |
| 260 ## - PUBLICATION, DISTRIBUTION, ETC. | |
| Date of publication, distribution, etc. | 1991 |
| 350 ## - PRICE (NR) (BK AM CF MU VM SE) [OBSOLETE] | |
| Price | 0 |
| 490 ## - SERIES STATEMENT | |
| Series statement | Civil Engineering Surveyor |
| Volume/sequential designation | 16(4) May 1991, 18-20(3) |
| 520 ## - SUMMARY, ETC. | |
| Summary, etc. | To justify the publication of a new engineering contract , the article describes the eclectic origins and development of the ICE Standard Conditions of Contract , suggesting a fresh approach is needed. It then introduces the new contract and describes the contents of the 10 volumes available. The authors`s comments on particular aspects are enumerated with an attempt to analyse strengths and weaknesses. The conclusion conveys the author`s favourable response to the reform, and pays tribute to the thought and innovation of the compilers. |
| 650 ## - SUBJECT ADDED ENTRY--TOPICAL TERM | |
| Topical term or geographic name entry element | CIVIL ENGINEERING CONTRACTS |
| 690 ## - LOCAL SUBJECT ADDED ENTRY--TOPICAL TERM (OCLC, RLIN) | |
| Topical term or geographic name as entry element | BUILT ENVIRONMENT-BUILDING CONTRACT FORMS |
| 942 ## - ADDED ENTRY ELEMENTS (KOHA) | |
| Suppress in OPAC | 0 |
| 948 ## - LOCAL PROCESSING INFORMATION (OCLC); SERIES PART DESIGNATOR (RLIN) | |
| c (OCLC) | 04/03/1997 |
| Withdrawn status | Lost status | Source of classification or shelving scheme | Damaged status | Not for loan | Home library | Current library | Shelving location | Date acquired | Total Checkouts | Full call number | Barcode | Date last seen | Copy number | Price effective from | Koha item type |
|---|---|---|---|---|---|---|---|---|---|---|---|---|---|---|---|
| Dewey Decimal Classification | London | London | Journal article | 14/09/1999 | ABS44495 | 47492-1001 | 06/08/2019 | 1 | 06/08/2019 | Journal article |